MDQL
is popping MORE tags! Check the
thread
!
Quizzes
Events
Quiz Creation
Community
Videos
Private Events
Remove Ads
Sign In
Join for FREE
Feedback
Dark Mode
Quiz Categories
Sports
Geography
Music
Movies
Television
Just For Fun
Miscellaneous
History
Literature
Language
Science
Gaming
Entertainment
Religion
Holiday
For Kids
Quiz Lab
Recent
Popular Today
Quiz Kudos Today
Editor Picks
Curator Picks
Quizzes by...
Day
Popularity
Type
Ratings
Length
Year
Community
Subscriptions
Recent Discussions
Orange Saloon
Badges
Playlists
Quests
Create
Leaderboards
Showdown
Live 5
Trivia Bingo
Activity
Puzzle Library
Sporcle Events
Private Events
Virtual Trivia
Globe League
Become a Host
Pub Owners
SporcleCon
Opinionation
Our Games
Videos
Blog
Mobile Apps
Partnerships
Remove Ads and Go Orange
Feedback
History
US Presidents
World Leaders
Politics
Nation
Discovery
War
Decade
Year
Century
Biography
Art
History
US Presidents
World Leaders
Politics
Nation
Discovery
War
Decade
Year
Century
Biography
Art
Random Quiz
Search Sporcle
×
Quiz Lab
Quiz Lab
History
United States
Type in answers that appear in a list
Type in answers that appear in a list
Classic
Best Score? Go Orange.
Famous US inventions Stats
Can you name the famous US inventions?
By
misslyss8893
15m
54 Questions
106 Plays
106 Plays
106 Plays
Comments
Comments
Give Quiz Kudos
Give Quiz Kudos
-
- Ratings
hide this ad
More Info
Replay
Link that replays current quiz
Next Quiz
Link to next quiz in quiz playlist
You Got
0%
They Got
Avg Score
18%
Avg Friend Score
Upgrade to see
Score Distribution
Jump to the score distribution portion of the page
Score
0/54
Timer
15:00
0
Plays Today
year
invention
% Correct
1879
practical lightbulb
81.1%
1903
propeller airplane
66%
1837
telegraph
57.5%
1942
electronic computer
53.8%
1994
digital camera
50%
1888
portable camera
47.2%
1877
phonograph
40.6%
1939
helicopter
39.6%
1807
steamboat
37.7%
1955
polio vaccine
33%
1846
sewing machine
30.2%
1947
tupperware
29.2%
1752
lightning rod
25.5%
1851
cylinder lock
24.5%
1780
bifocal lenses
23.6%
1888
ballpoint pen
19.8%
1980
post it
19.8%
1867
typewriter
18.9%
1972
compact disc
18.9%
1911
Air conditioning
17.9%
1978
Artificial heart
17%
2004
thinking shoe
17%
1886
dishwasher
15.1%
1977
space shuttle
14.2%
1903
Windshield wipers
13.2%
2002
robot vacuum
12.3%
1891
modern submarine
10.4%
year
invention
% Correct
1907
vacuum cleaner
10.4%
1852
elevator brake
9.4%
1877
microphone
9.4%
1901
Washing machine
9.4%
1947
transistor
9.4%
1968
computer mouse
9.4%
1987
meningitis vaccine
9.4%
1894
motion picture projector
8.5%
1963
pop top can
8.5%
1969
cash machine
8.5%
1845
rotary printing press
7.5%
1926
rocket engine
7.5%
1930
cyclotron
7.5%
1842
Anesthesia
6.6%
1891
escalator
6.6%
1924
frozen packaged food
6.6%
1973
jet ski
6.6%
1937
xerography copies
5.7%
1958
laser
4.7%
1965
Word processor
4.7%
1863
fire extinguisher
3.8%
1913
modern radio receiver
3.8%
1952
Airbag
3.8%
1954
Antibiotic for fungal diseases
3.8%
1980
rollerblades
3.8%
1893
moving picture viewer
2.8%
1969
battery operated smoke detector
2.8%
Quiz Playlist
Details
Report
Send in Message
Add To Playlist
More Info:
info from the 2006 World Almanac for kids
Classic:
Type in answers that appear in a list
Last Updated: Feb 16, 2017
Quiz Scoreboard
CHALLENGE
Sign Up to Join the Scoreboard
Show All
Scores
Hide
Comments
May contain spoilers
Recently Published
Two Season TV Shows II
by 123Four
Television
10m
Image Sorting: Flags VI
by Barbecue
Geography
2m
Find the 'City' Movie
by crazypaving
Movies
60s
More to Explore
Quiz From the Vault
Featured Blog Post
14 Easter Pick-up Lines to Find Eggs With
hide this ad
You Might Also Like...
Tags
United States Quiz
Invented
Invention
Inventive
Inventor
Inventor Hall
timeline
Today's Top Quizzes in History
Browse History
hide this ad
Today's Top Quizzes in United States
Browse United States
Top Contributed Quizzes in History
1
I Am Born On March 29th
2
Order Up: 1000 Years of World Events I
3
US National Parks Named After People
4
Popular People in 1991
5
Popular People in 1951
6
Popular People in 1941
7
Popular People in 1981
8
Popular People in 1921
9
Popular People in 1986
10
Popular People in 1976
Explore More
Trending Topics
Crossword
Marvel
Harry Potter
Anime
NBA
Disney
Kpop
Country
The Office
Pokémon
WWE
Song
Soccer
Puzzle
NFL
hide this ad
More By:
misslyss8893
Quiz
Plays
Rating
Category
Featured
Created
major sites in washington dc
363
1.44
History
Mar 20, 2011
rock of Ages quotes
268
5.00
Entertainment
Jan 19, 2011
major norse gods
251
3.00
Religion
Jan 23, 2011
famous women in history
204
1.50
History
Mar 20, 2011
computer talk
201
2.75
Gaming
Jan 20, 2011
Go to Creator's Profile
Score Distribution
Quiz Creator Spotlight
misslyss8893
Follow
Send a Message
Quizzes Created
-
Created Quiz Play Count
-
More By This Creator
Popular Quizzes Today
1
Find the US States - No Outlines Minefield
2
Colored Red Africa Blitz
3
Find the 'City' Movie
4
5x2 Blitz: Bands
5
The Countries of the World
6
Find the Countries of Europe - No Outlines Minefield
7
Find the US States
8
US States
More History Quizzes
History Blitz: 1950's
Quiz Lab
Trending Quizzes
Colored Red Europe Blitz I
Colored Red Africa Blitz II
Colored Red Europe Blitz II
Colored Red Africa Blitz III
Colored Red Europe Blitz III
Recently Updated
How Do You Spell That?
pecheneg
Godzilla Movies
pecheneg
Grab Bag: 4-10 Letters
pecheneg
2024 March Madness Bracket
pecheneg
Famous TV Couples
Peacemaker
Champions League XIs: Real Madrid
pecheneg
Largest US Cities 1790-2010
pecheneg
Rides in Walt Disney World
pecheneg
Most Oscar Losses (Acting)
pecheneg
Beyoncé Albums
pecheneg
Trending Topics
Disney
Harry Potter
Anime
Marvel
Kpop
NBA
Crossword
NFL
Country
Song
Pokémon
Puzzle
Soccer
WWE
The Office
Your Account Isn't Verified!
In order to create a playlist on Sporcle, you need to verify the email address you used during registration. Go to your
Sporcle Settings
to finish the process.
Report this User
Report this user for behavior that violates our
Community Guidelines
.
Details:
Send Report
Go to the Sporcle.com Mobile Site →
Comments